| 000 | 00504cab a2200205 4500 | ||
|---|---|---|---|
| 001 | A213 | ||
| 008 | 090401t1983 xxu||||| |||| 00| 0 eng d | ||
| 035 | _a(Sirsi) u27800 | ||
| 041 | _aeng | ||
| 100 | _aBaum, Andrew | ||
| 245 | 4 | _aThe enigma of the short leasehold | |
| 260 | _c1983 | ||
| 350 | _a0 | ||
| 490 |
_aJournal of Valuation _v1(1) 1983, 5-8(4) |
||
| 650 | _aDUAL RATE APPROACH | ||
| 650 | _aLEASEHOLD VALUATIONS | ||
| 690 | _aRATING AND VALUATION | ||
| 942 | _n0 | ||
| 948 | _c04/03/1997 | ||
| 999 |
_c18731 _d18731 |
||